रांगेय राघव के उपन्यासों में प्रगतिशील चेतना / (Record no. 15061)

MARC details
000 -LEADER
fixed length control field 01724 a2200289 4500
005 - DATE AND TIME OF LATEST TRANSACTION
control field 20080825112722.0
008 - FIXED-LENGTH DATA ELEMENTS--GENERAL INFORMATION
fixed length control field 080825t xxu||||| |||| 00| 0 hin d
010 ## - LIBRARY OF CONGRESS CONTROL NUMBER
LC control number HIN-84071
020 ## - INTERNATIONAL STANDARD BOOK NUMBER
Terms of availability 300.00
035 ## - SYSTEM CONTROL NUMBER
System control number HN-56417
037 ## - SOURCE OF ACQUISITION
Stock number DBAD / PUB
040 ## - CATALOGING SOURCE
Original cataloging agency DPL
Language of cataloging HN
082 ## - DEWEY DECIMAL CLASSIFICATION NUMBER
Classification number 823.08
100 ## - MAIN ENTRY--PERSONAL NAME
Personal name कैलास प्रकाश सिंह
245 ## - TITLE STATEMENT
Title रांगेय राघव के उपन्यासों में प्रगतिशील चेतना /
Statement of responsibility, etc कैलास प्रकाश सिंह
246 ## - VARYING FORM OF TITLE
Title proper/short title Rangey Raghav ke upanyasoon men pragatishila chetanaa
Remainder of title by Kailas Prakash Singh
260 ## - PUBLICATION, DISTRIBUTION, ETC. (IMPRINT)
Place of publication, distribution, etc दिल्ली
Name of publisher, distributor, etc प्रतिमा प्रकाशन
Date of publication, distribution, etc 2005
270 ## - ADDRESS
Address 821/बी, गुरूरामदास नगर एक्सटेंशन गुरूद्वारा रोड़, लक्ष्मी नगर
City दिल्ली
Postal code 110092
300 ## - PHYSICAL DESCRIPTION
Extent 288पृ
Dimensions 22सेमी (सजिल्द)
500 ## - GENERAL NOTE
General note समान ISBN 8190205196 शीर्षक ' दुनिया का अनमोल रत्न '
600 ## - SUBJECT ADDED ENTRY--PERSONAL NAME
Personal name रांगेय राघव
General subdivision व्याख्या एवं समालोचना
600 ## - SUBJECT ADDED ENTRY--PERSONAL NAME
Personal name Rangey Raghav
General subdivision Criticism and interpretation
650 ## - SUBJECT ADDED ENTRY--TOPICAL TERM
Topical term or geographic name as entry element हिन्दी उपन्यास
General subdivision व्याख्या एवं समालोचना
650 ## - SUBJECT ADDED ENTRY--TOPICAL TERM
Topical term or geographic name as entry element Hindi fiction
General subdivision Criticism and interpretation
942 ## - ADDED ENTRY ELEMENTS (KOHA)
Institution code [OBSOLETE] dpl
Koha item type Hindi Books
Source of classification or shelving scheme Dewey Decimal Classification
Call number suffix कैलास
Classification part 823.08
Holdings
Withdrawn status Lost status Damaged status Not for loan Collection code Home library Current library Date acquired Source of acquisition Cost, normal purchase price Total Checkouts Full call number Barcode Date last seen Copy number Cost, replacement price Price effective from Koha item type
      Not For Loan Non-fiction D.B.Act.Division D.B.Act.Division 25/08/2008 DBAD / PUB 300.00   823.08 कैलास HN-56417 15/09/2008 1 300.00 15/09/2008 Hindi Books

© Delhi Public Library
Hit Counter
free hit counter